000 00707nam a2200289Ia 4500
005 20260324114936.0
008 008 260324s9999 xx 000 0 eng d
020 _a9780429322990
037 _aEBOOK
040 _aCRL
040 _beng
040 _cCRL
041 _2eng
041 _aeng
084 _qCRL
100 _aRashmi Agrawal; Marcin Paprzycki; Neha Gupta
_91152752
245 0 _aBig Data, IoT, and Machine Learning
245 0 _bTools and Applications
260 _bTaylor and Francis
260 _c2020
365 _a
365 _b320
856 _uhttp://www.taylorfrancis.com/books/9780429322990
942 _cEBOOK
999 _c1743252
_d1743252